Music Quiz

Random Music or Bands Quiz
Score 0/25 Timer 03:00
2 Plays Today
% Correct
Britney Spears
96.9%
Whitney Houston
93.9%
Céline Dion
93.7%
MC Hammer
93.4%
Nirvana
93.3%
Backstreet Boys
89.4%
Madonna
88.5%
R.E.M.
87%
Hanson
84.5%
Destiny's Child
82.7%
Sir Mix-A-Lot
82.3%
TLC
81.7%
Metallica
81.1%
% Correct
Sinéad O'Connor
79.5%
Dr. Dre (feat. Snoop Doggy Dogg)
79.5%
Red Hot Chili Peppers
74.9%
Alanis Morissette
72.1%
U2
71.7%
House of Pain
71.5%
Salt-N-Pepa (feat. En Vogue)
69.7%
Beck
69.4%
Soundgarden
69.1%
Pearl Jam
65%
Mariah Carey
64.3%
Beastie Boys
64.2%
Remove Ads.
Support Sporcle.
Get the best of Sporcle when you Go Orange. This ad-free experience offers more features, more stats, and more fun while also helping to support Sporcle. Thank you for becoming a member.

You're not logged in!

Compare scores with friends on all Sporcle quizzes.
OR
Log In

Show Comments

Extras

Top Quizzes Today


Score Distribution

Your Account Isn't Verified!

In order to create a playlist on Sporcle, you need to verify the email address you used during registration. Go to your Sporcle Settings to finish the process.

Report this User

Report this user for behavior that violates our Community Guidelines.

Details: